| 000 -LEADER |
| fixed length control field |
01536cam a22003254a 4500 |
| 001 - CONTROL NUMBER |
| control field |
12229582 |
| 003 - CONTROL NUMBER IDENTIFIER |
| control field |
Nust |
| 005 - DATE AND TIME OF LATEST TRANSACTION |
| control field |
20170227182634.0 |
| 008 - FIXED-LENGTH DATA ELEMENTS--GENERAL INFORMATION |
| fixed length control field |
001113s2000 nyu 000 1 eng |
| 010 ## - LIBRARY OF CONGRESS CONTROL NUMBER |
| LC control number |
00709685 |
| 020 ## - INTERNATIONAL STANDARD BOOK NUMBER |
| International Standard Book Number |
9780141188126 |
| 040 ## - CATALOGING SOURCE |
| Original cataloging agency |
DLC |
| Transcribing agency |
DLC |
| Modifying agency |
DLC |
| 041 1# - LANGUAGE CODE |
| Language code of text/sound track or separate title |
eng |
| Language code of original |
ger |
| 042 ## - AUTHENTICATION CODE |
| Authentication code |
pcc |
| 050 00 - LIBRARY OF CONGRESS CALL NUMBER |
| Classification number |
PT2621.A26 |
| Item number |
A26 2000 |
| 082 00 - DEWEY DECIMAL CLASSIFICATION NUMBER |
| Classification number |
833.912 |
| Author Mark |
KAF |
| 100 1# - MAIN ENTRY--PERSONAL NAME |
| Personal name |
Kafka, Franz, |
| Dates associated with a name |
1883-1924. |
| 245 14 - TITLE STATEMENT |
| Title |
The metamorphosis and other stories / |
| Statement of responsibility, etc. |
Franz Kafka ; |
| 250 ## - EDITION STATEMENT |
| Edition statement |
Penguin Books ed. |
| 260 ## - PUBLICATION, DISTRIBUTION, ETC. |
| Place of publication, distribution, etc. |
New York, N.Y. : |
| Name of publisher, distributor, etc. |
Penguin Books, |
| Date of publication, distribution, etc. |
2007. |
| 300 ## - PHYSICAL DESCRIPTION |
| Extent |
298 p. ; |
| Dimensions |
22 cm. |
| 440 #0 - SERIES STATEMENT/ADDED ENTRY--TITLE |
| Title |
Penguin great books of the 20th century |
| 505 0# - FORMATTED CONTENTS NOTE |
| Formatted contents note |
The metamorphosis -- The judgement -- The stoker -- A country doctor -- In the penal colony -- A hunger artist -- An old leaf -- A message from the emperor -- Before the law -- Josephine the singer, or, The mouse people. |
| 600 10 - SUBJECT ADDED ENTRY--PERSONAL NAME |
| Personal name |
Kafka, Franz, |
| Dates associated with a name |
1883-1924 |
| 650 ## - SUBJECT ADDED ENTRY--TOPICAL TERM |
| Topical term or geographic name entry element |
Short stories, Austrian |
| General subdivision |
Fiction |
| 650 ## - SUBJECT ADDED ENTRY--TOPICAL TERM |
| Topical term or geographic name entry element |
Alienation (Social psychology) |
| General subdivision |
Fiction |
| 700 1# - ADDED ENTRY--PERSONAL NAME |
| Personal name |
Pasley, Malcolm, |
| Dates associated with a name |
1926- |
| 856 42 - ELECTRONIC LOCATION AND ACCESS |
| Materials specified |
Contributor biographical information |
| Uniform Resource Identifier |
<a href="http://www.loc.gov/catdir/enhancements/fy1203/00709685-b.html">http://www.loc.gov/catdir/enhancements/fy1203/00709685-b.html</a> |
| 856 42 - ELECTRONIC LOCATION AND ACCESS |
| Materials specified |
Publisher description |
| Uniform Resource Identifier |
<a href="http://www.loc.gov/catdir/enhancements/fy1203/00709685-d.html">http://www.loc.gov/catdir/enhancements/fy1203/00709685-d.html</a> |
| 856 41 - ELECTRONIC LOCATION AND ACCESS |
| Materials specified |
Sample text |
| Uniform Resource Identifier |
<a href="http://www.loc.gov/catdir/enhancements/fy1505/00709685-s.html">http://www.loc.gov/catdir/enhancements/fy1505/00709685-s.html</a> |
| 906 ## - LOCAL DATA ELEMENT F, LDF (RLIN) |
| a |
7 |
| b |
cbc |
| c |
origcop |
| d |
2 |
| e |
ncip |
| f |
20 |
| g |
y-gencatlg |
| 942 ## - ADDED ENTRY ELEMENTS (KOHA) |
| Source of classification or shelving scheme |
|
| Koha item type |
Book |